000 00343nam a2200133Ia 4500
008 230917s9999||||xx |||||||||||||| ||und||
040 _e184241
_aMAIN
041 _aEnglish
082 _a294.3823 D36D
245 0 _aKhuddakanikaye; Jataka-Atthakatha
260 _aIgatpuri
_bVipassana Research Institute
_c1998
300 _av. p.
942 _cBK
999 _c80766
_d80766